000 00349nam a2200157Ia 4500
003 OSt
005 20240129113527.0
008 170524s9999 xx 000 0 und d
020 _a9788190738743
040 _cIIMTU
100 _aChhabra T. N.
245 0 _aEntrepreneurship Development
260 _bSun India
260 _c2010
942 _2ddc
_c02
999 _c6034
_d6034